Central Library OPAC University of Rajshahi

Parliament : (Record no. 42291)

MARC details
000 -LEADER
fixed length control field 00651nam a2200217 a 4500
001 - CONTROL NUMBER
control field 42291
003 - CONTROL NUMBER IDENTIFIER
rucl marc code BD-RjUL
005 - DATE AND TIME OF LATEST TRANSACTION
control field 20211209053523.0
008 - FIXED-LENGTH DATA ELEMENTS--GENERAL INFORMATION
fixed length control field 160611s19651952enk 001 0 eng
035 ## - SYSTEM CONTROL NUMBER
System control number (BD-RjUL) 42409
040 ## - CATALOGING SOURCE
Original cataloging agency DLC
Transcribing agency ORL
Modifying agency OCL
-- m.c
-- BD-RjUL
Language of cataloging eng
041 ## - LANGUAGE CODE
Language code of text/sound track or separate title eng
082 ## - DEWEY DECIMAL CLASSIFICATION NUMBER
Edition number 23
Classification number 328.42
Author mark and year PAR 1965
245 00 - TITLE STATEMENT
Title Parliament :
Remainder of title a survey /
Statement of responsibility, etc. Lord Campion ... [et al.] ; [edited by Lord Campion]
260 ## - PUBLICATION, DISTRIBUTION, ETC. (IMPRINT)
Place of publication, distribution, etc. London :
Name of publisher, distributor, etc. Allen & Unwin,
Date of publication, distribution, etc. 1952 [Impression 1965]
300 ## - PHYSICAL DESCRIPTION
Pagination 296 p. ;
Size 22 cm
500 ## - GENERAL NOTE
General note Includes index
610 10 - SUBJECT ADDED ENTRY--CORPORATE NAME
Corporate name or jurisdiction name as entry element Great Britain.
Subordinate unit Parliament.
700 ## - ADDED ENTRY--PERSONAL NAME
Personal name Campion, Lord
942 ## - ADDED ENTRY ELEMENTS (KOHA)
Source of classification or shelving scheme Dewey Decimal Classification
Koha item type Books
Holdings
Lost status Source of classification or shelving scheme Damaged status Not for loan Collection code Permanent Location Current Location Shelving location Date acquired Source of acquisition Cost, normal purchase price Total Checkouts Full call number Date last seen Copy number Koha item type
  Dewey Decimal Classification     Non-fiction Central Library, University of Rajshahi Central Library, University of Rajshahi   11/06/2016 Swits and Zeitlinngers 30.00   328.42 PAR 1965 11/06/2016 C-2 Books
  Dewey Decimal Classification     Non-fiction Central Library, University of Rajshahi Central Library, University of Rajshahi   11/06/2016 Swits and Zeitlinngers 30.00   328.42 PAR 1965 11/06/2016 C-3 Books